QUEST Central Library Banner

Coverage of the 5G Heterogenous Cellular Networks with Many Antenna Arrays and Dispersion Models (ME Thesis) (Record no. 68417)

MARC details
000 -LEADER
fixed length control field 00451nam a22001217a 4500
100 ## - MAIN ENTRY--AUTHOR NAME
Personal name Engr. Shumaila Soomro
-- 21MCME06
-- Supervisor - Prof Dr. M. Mujtaba Shaikh
245 ## - TITLE STATEMENT
Title Coverage of the 5G Heterogenous Cellular Networks with Many Antenna Arrays and Dispersion Models (ME Thesis)
260 ## - PUBLICATION, DISTRIBUTION, ETC. (IMPRINT)
Place of publication Nawabhsah
Name of publisher QUEST
Year of publication 2024
300 ## - PHYSICAL DESCRIPTION
Number of Pages 62p.
700 ## - ADDED ENTRY--PERSONAL NAME
Personal name Department of Electronic Engineering
856 ## - ELECTRONIC LOCATION AND ACCESS
Uniform Resource Identifier https://tinyurl.com/2pxzmess
942 ## - ADDED ENTRY ELEMENTS (KOHA)
Koha item type Thesis and Dissertation
Holdings
Withdrawn status Lost status Home library Current library Date acquired Accession Number Koha item type
    Research Section Research Section 19/11/2024 MP/92-1339 Thesis and Dissertation
    Research Section Research Section 24/02/2026 MP/94-1369 Thesis and Dissertation
    Research Section Research Section 02/03/2026 MP/92-1340 Thesis and Dissertation

Copyright © 2018,The QUEST, Nawabshah, Shaheed Benazirabad. All rights reserved
Mr. G. Farooq Channar (Librarian) QUEST, Nawabshah, Sindh, Pakistan 67480.
 Ph#: |   0244-9370381-4 Ext. 2308   Email| lib@quest.edu.pk   Web|  http://www.quest.edu.pk